000 01192nmm a2200349 a 4500
001 ocm0001299421
003 TR-IsHL
005 20201028161952.0
008 171225s2012 tu tur
007 cr cn
020 _a9789944122559
035 _a1299421
_b(N$T)
050 0 4 _aB3258.H234
_bT56 2012
090 0 4 _aB3258.H234
_bT56 2012
100 1 _aTimur, Taner
245 1 0 _aHabermas'ı okumak
_h[electronic resource] /
_cTaner Timur ; yayın yönetmeni Hayri Erdoğan ; kapak ve iç tasarım Savaş Çekiç
250 _aİkinci basım
260 _aİstanbul :
_bYordam Kitap,
_c2012
300 _a284 p.
500 _aKaynakça ve dizin var.
_x
650 4 _aFelsefe, Psikoloji ve Din
650 4 _aPhilosophy, Psychology and Religion
650 0 _aHabermas, Jürgen
650 0 _aEleştiri, yorum, vb.
650 0 _aCriticism, interpretation, etc.
650 0 _aFelsefe, Modern
_x 20. yüzyıl
650 0 _aPhilosophy, Modern
_x 20th century
650 7 _aPHILOSOPHY / General
_2bisacsh
700 1 _aErdoğan, Hayri
700 1 _aÇekiç, Savaş
856 4 0 _uhttp://search.ebscohost.com/login.aspx?direct=true&scope=site&db=e011xww&AN=1299421
999 _c14453
_d14453